000 00920nam a22002531u 4500
001 05313
003 HDC
007 cr bn ---aaaaa
008 210119p2012 | d 00 engg
040 _aHDC
100 _aGholamreza Zandi
_eauthor
_95461
245 0 _aSome issues on Murabahah practices in Iran and Malaysian Islamic banks / by
_cGholamreza Zandi, Noraini Mohd. Ariffin and Alireza Shahabi
260 _a[no place] :
_bAcademic Journals ,
_c2012
300 _a 1 online resource (8 pages)
336 _atext
_2rdacontent
337 _acomputer
_2rdamedia
338 _aonline resource
_2rdacarrier
650 _abanking system
_95463
650 _aMurabahah
_95462
856 _zRequest full-text at [email protected]
942 _2lcc
942 _cAR
942 _kJART-2012-001339
999 _c2637
_d2637